Alcoolisme - rite et déviance: XXIIème Congrès de Criminologie

Gespeichert in:  
Bibliographische Detailangaben
Körperschaft: Congrès de Criminologie. 22 Brest, Finistère (BeteiligteR)
Medienart: Druck Buch
Sprache:Französisch
Veröffentlicht: [Brest] Fac. de Droit et des Sciences Économ. de Brest, Association Française de Criminologie 1987
In:Jahr: 1987
Bestand in Tübingen:In Tübingen vorhanden.
UB: KB 8 E 1847
Verfügbarkeit prüfen: HBZ Gateway
Subito Bestelldienst: Jetzt bestellen.
Schlagwörter:

MARC

LEADER 00000cam a2200000 c 4500
001 108832505X
003 DE-627
005 20220514115112.0
007 tu
008 890803s1987 xx ||||| 00| ||fre c
035 |a (DE-627)108832505X 
035 |a (DE-576)01832505X 
035 |a (DE-599)BSZ01832505X 
035 |a (OCoLC)311248234 
040 |a DE-627  |b ger  |c DE-627  |e rakwb 
041 |a fre 
245 0 0 |a Alcoolisme - rite et déviance  |b XXIIème Congrès de Criminologie 
264 1 |a [Brest]  |b Fac. de Droit et des Sciences Économ. de Brest, Association Française de Criminologie  |c 1987 
300 |a 204 S. 
336 |a Text  |b txt  |2 rdacontent 
337 |a ohne Hilfsmittel zu benutzen  |b n  |2 rdamedia 
338 |a Band  |b nc  |2 rdacarrier 
490 0 |a Les cahiers du droit  |a Tome spécial 
583 1 |a Archivierung prüfen  |c 20200919  |f DE-640  |z 1  |2 pdager 
655 7 |a Konferenzschrift  |0 (DE-588)1071861417  |0 (DE-627)826484824  |0 (DE-576)433375485  |2 gnd-content 
711 2 |a Congrès de Criminologie  |n 22  |c Brest, Finistère  |0 (DE-588)5041434-3  |0 (DE-627)709093640  |0 (DE-576)193190001  |4 oth 
951 |a BO 
ELC |b 1 
LOK |0 000 xxxxxcx a22 zn 4500 
LOK |0 001 2133055738 
LOK |0 003 DE-627 
LOK |0 004 108832505X 
LOK |0 005 20151030141901 
LOK |0 008 890803||||||||||||||||ger||||||| 
LOK |0 040   |a DE-21  |c DE-627  |d DE-21 
LOK |0 852   |a DE-21 
LOK |0 852 1  |c KB 8 E 1847  |9 00 
LOK |0 935   |a krim 
LOK |0 939   |a 03-08-89  |b l01 
ORI |a SA-MARC-krimdoka001.raw 
SIG |a UB: KB 8 E 1847